|
|
|
|
| LEADER |
00000nam0a2200000 4500 |
| 001 |
45733 |
| 005 |
20231101210955.0 |
| 010 |
|
|
|a 5711703269
|
| 035 |
|
|
|a (RuTPU)RU\TPU\book\47638
|
| 090 |
|
|
|a 45733
|
| 100 |
|
|
|a 20021216d2002 m y0rusy50 ca
|
| 101 |
0 |
|
|a rus
|
| 102 |
|
|
|a RU
|
| 105 |
|
|
|a a fg 000zy
|
| 200 |
1 |
|
|a Энциклопедия русских наград
|f А. А. Кузнецов
|
| 205 |
|
|
|a 3-е изд., испр. и доп.
|
| 210 |
|
|
|a Москва
|c Голос-пресс
|d 2002
|
| 215 |
|
|
|a 536 с.
|c ил.
|
| 606 |
1 |
|
|a Фалеристика
|2 stltpush
|3 (RuTPU)RU\TPU\subj\59060
|9 76703
|
| 610 |
1 |
|
|a источниковедение
|
| 610 |
1 |
|
|a история
|
| 610 |
1 |
|
|a Россия
|
| 610 |
1 |
|
|a награды
|
| 610 |
1 |
|
|a Российская империя
|
| 610 |
1 |
|
|a ордена
|
| 610 |
1 |
|
|a медали
|
| 610 |
1 |
|
|a наградное оружие
|
| 610 |
1 |
|
|a наградные знаки
|
| 610 |
1 |
|
|a СССР
|
| 610 |
1 |
|
|a Российская Федерация
|
| 610 |
1 |
|
|a церковные награды
|
| 610 |
1 |
|
|a энциклопедии
|
| 686 |
|
|
|a Т221я2
|v LBC/SL-A
|2 rubbk
|
| 700 |
|
1 |
|a Кузнецов
|b А. А.
|g Александр Александрович
|
| 801 |
|
1 |
|a RU
|b 63413507
|c 20021216
|g PSBO
|
| 801 |
|
2 |
|a RU
|b 63413507
|c 20230206
|g PSBO
|
| 942 |
|
|
|c BK
|